000 00718nam a2200169 i 4500
001 43907
003 ES-MaACL
005 20230906160915.0
007 t|
008 030320s1851 sp ||||1| spa d
100 1 _aCaveda y Nava, José.
_937175
245 1 0 _aMemoria presentada al Excmo. Señor Ministro de Comercio Instrucción y Obras Públicas, por la Junta calificadora de los productos de la industria española reunidos en la exposición pública de 1850 /
_cJosé Caveda y Nava.
260 _aMadrid :
_b[s.n.,
_c1851] (
_fTip. Saunaque)
300 _a630 p. ;
_c27 m.
611 2 4 _aExposición Pública de los Productos de la Industria Española (
_n6ª.
_d1850.
_cMadrid)
_9170230
852 _aES-MaACL
_jG-6369
999 _c43907
_d43907